Differential and integral calculus

Αποθηκεύτηκε σε:
Λεπτομέρειες βιβλιογραφικής εγγραφής
Κύριος συγγραφέας: Courant, Richard, 1888-1972
Άλλοι συγγραφείς: McShane, E. J. (Edward James), 1904-1989 (Μεταφραστής)
Μορφή: Βιβλίο
Γλώσσα:English
Δημοσίευση: London ; Glasgow : Blackie & son limited, 1951, c1936.
Έκδοση:1η έκδ. ανατυπ.
Θέματα:
Ετικέτες: Προσθήκη ετικέτας
Δεν υπάρχουν, Καταχωρήστε ετικέτα πρώτοι!

MARC

LEADER 00000cam a2200000 i 4500
001 1/18061
008 120223r19511936enk ||| | eng||
035 |l 10111939 
040 |a GR-MyUA  |b gre  |e AACR2 
041 0 |a eng 
082 0 |a 515   |2 (22) 
100 1 |a Courant, Richard,   |d 1888-1972. 
245 1 0 |a Differential and integral calculus /   |c by R. Courant ; translated by E.J. McShane.  
250 |a 1η έκδ. ανατυπ.  
260 |a London ; Glasgow :   |b Blackie & son limited,   |c 1951, c1936.  
300 |a 2τ. (x, 682 σ.) ;   |c 22 εκ.  
650 0 0 |a Calculus. 
700 1 |a McShane, E. J.   |q (Edward James),   |d 1904-1989,  |e trl 
852 |a INST  |b SAMOS  |c MAG  |e 20120223  |h 515 COU  |p 005300034008  |q 005300034008  |t BK  |v τ.2:  |y 0  |z τ.2 
853 |a INST  |b SAMOS  |c MAG  |h 515 COU 
901 |a BIBL3-2012-1 
909 |a Σ  |b 172102 
970 |a ΓΟΥΒΑΛΑ  |b ΒΑΣΩ  |z 2012/02/23